Представление документа в формате MARC21

Поле Инд. ПП Название Значение
Тип записи a
Библиографический уровень m
001 Контрольный номер RU/IS/BASE/336225674
005 Дата корректировки 20141114162912.1
040 a Служба первич. каталог. НБ ТвГУ
b Код языка каталог. rus
e Правила каталог. PSBO
041 0_ a Код языка текста rus
080 a Индекс УДК 1(470)(091)(043.3)
080 a Индекс УДК 929Лопатин
084 a Индекс другой классификации/Индекс ББК Ю3(2)6я031
090 a Полочн. индекс Ю3(2)6
x Авторский знак С 90
100 1_ a Автор Суродейкина Лидия Анатольевна
q Полное имя Суродейкина Л. А.
245 10 a Заглавие Проблема взаимосвязи познания и свободы воли в философии Л. М. Лопатина
b Продолж. заглавия автореф. дис. ... канд. филос. наук : 09.00.03
c Ответственность Твер. гос. ун-т, Каф. теории и истории культуры
260 a Место издания Тверь
b Издательство Тверской государственный университет
c Дата издания 2010
300 a Объем 16 с.
500 a Примечание На правах рукоп.
504 a Библиография Библиогр. в конце кн. (8 назв.)
653 a Ключевые слова 20 в.
a Ключевые слова Авторефераты
a Ключевые слова История философии
a Ключевые слова Лопатин, Лев Михайлович, о нем
a Ключевые слова Нравственность
a Ключевые слова Познание
a Ключевые слова Русская философия
a Ключевые слова Русские философы
a Ключевые слова Свобода воли
a Ключевые слова Философия
a Ключевые слова Философская рефлексия
a Ключевые слова Философы
a Ключевые слова Труды Тверского государственного университета
710 a Организация/ юрисдикция Тверской государственный университет
920 a Оператор Густ
930 a Новая/Ретро персоналии
a Новая/Ретро авторефераты
952 c Вид литературы А/Р н
954 a Дата поступления на обработку 20100901